000 00803nam a2200229 a 4500
001 000020185
005 20200929170314.0
008 100726s1962 es r 001 f spa d
040 _aDO-SdBNP
_bspa
_cBNPHU
082 _a863.5
_bZ95c
100 1 _aZunzunegui, Juan Antonio de,
_d1901-1982
_942781
245 1 3 _aEl chiplichandle :
_bacción picaresca /
_cJuan Antonio de Zunzunegui.
260 _aMadrid, (España) :
_bEditorial Espasa-Calpe,
_c1962.
300 _a275, [20] p. ;
_c18 cm.
490 1 _aAustral. Azul: novelas y cuentos en general
_v1319
500 _aIncluye índice de autores
650 4 _aNovela española
_91123
650 4 _aLiteratura española
_9632
830 0 _aAustral.
_pAzul: novelas y cuentos en general
_v1319
_922386
910 _aCatalogación original
049 _aBNGR
999 _c19692
_d19692